000 00729nam a22002177a 4500
005 20100819113936.0
010 _aENG-100946
020 _c50.00
_a9788190741675
035 _aEN-84479
037 _bDBAD/PUB
082 _a899.7208
100 _aRamya, S.
_915517
245 _aO'neil and his themes /
_cby S. Ramya
260 _aThanjavur
_bPrintmagic
_c2008
270 _a#2, First Floor, Guru Complex, Rajappa Nagar, Medical College Road
_bThanjavur
_e613007
300 _a64 p.
_b22cm (Pbk)
700 _915115
700 _915135
942 _2ddc
_cEN
_h899.7208
_mRAM
999 _c42583
_d42583